Výroba komponentov spodných rámov pre automobilové návesy KRONE : Diplomová práca

Salvato in:
Dettagli Bibliografici
Autore principale: Slezák, Richard (Autore)
Altri autori: Bílik, Jozef, 1961- (xxx)
Natura: Manoscritto Libro
Lingua:slovacco
Pubblicazione: Trnava : STU v Bratislave MtF KTv, 2002
Soggetti:
Tags: Aggiungi Tag
Nessun Tag, puoi essere il primo ad aggiungerne!!

MARC

LEADER 00000ntm a22000003a 4500
001 stu76433
005 20160719155032.5
008 020702s2002----xo------------------slo-d
040 |a STU  |b slo 
041 0 |a slo 
044 |a xo 
100 1 |a Slezák, Richard  |4 aut 
245 1 |a Výroba komponentov spodných rámov pre automobilové návesy KRONE :  |b Diplomová práca 
260 |a Trnava :  |b STU v Bratislave MtF KTv,  |c 2002 
300 |a 86 s  |c abstr. + príl. 
650 7 |a spodné rámy  |2 stusub 
650 7 |a automobilové návesy  |2 stusub 
650 7 |a strojárske technológie  |2 stusub 
700 1 |a Bílik, Jozef,  |d 1961-  |4 xxx  |u M3000  |U MTF Materiálovotechnologická fakulta  |T MTF Ústav výrobných technológií  |X 1547  |U M3000  |Y 83  |7 A000001547